Evaluación de efectividad de fungicidas para el control del manchado del cáliz de la jamaica (Hibiscus sabdariffa L.) / (Record no. 218698)
[ view plain ]
| 000 -CABECERA | |
|---|---|
| campo de control de longitud fija | 02358nam a2200289 a 4500 |
| 003 - IDENTIFICADOR DEL NÚMERO DE CONTROL | |
| campo de control | OSt |
| 005 - FECHA Y HORA DE LA ÚLTIMA TRANSACCIÓN | |
| campo de control | 20251111141836.0 |
| 007 - CAMPO FIJO DE DESCRIPCIÓN FÍSICA--INFORMACIÓN GENERAL | |
| campo de control de longitud fija | cr ||||||a|c|a |
| 008 - DATOS DE LONGITUD FIJA--INFORMACIÓN GENERAL | |
| campo de control de longitud fija | 230508s2020 mx a|||fom||| 001 0 spa d |
| 040 ## - FUENTE DE LA CATALOGACIÓN | |
| Normas de descripción | rda |
| 100 1# - ENTRADA PRINCIPAL--NOMBRE DE PERSONA | |
| 9 (RLIN) | 186917 |
| Nombre de persona | Pérez Pérez, Juvencio |
| 245 1# - MENCIÓN DE TÍTULO | |
| Título | Evaluación de efectividad de fungicidas para el control del manchado del cáliz de la jamaica (Hibiscus sabdariffa L.) / |
| Mención de responsabilidad, etc. | por Juvencio Pérez Pérez; director de tesis Humberto Villegas Rodríguez |
| 264 #1 - PRODUCCIÓN, PUBLICACIÓN, DISTRIBUCIÓN, FABRICACIÓN Y COPYRIGHT | |
| Producción, publicación, distribución, fabricación y copyright | Chapingo, México : |
| Nombre del de productor, editor, distribuidor, fabricante | El autor, |
| Fecha de producción, publicación, distribución, fabricación o copyright | 2020. |
| 300 ## - DESCRIPCIÓN FÍSICA | |
| Extensión | 1 recurso en línea (70 páginas): |
| Otras características físicas | ilustraciones, cuadros |
| 336 ## - TIPO DE CONTENIDO | |
| Fuente | rdacontent |
| Término de tipo de contenido | texto |
| Código de tipo de contenido | txt |
| 337 ## - TIPO DE MEDIO | |
| Fuente | rdamedia |
| Nombre/término del tipo de medio | computadora |
| Código del tipo de medio | c |
| 338 ## - TIPO DE SOPORTE | |
| Fuente | rdacarrier |
| Nombre/término del tipo de soporte | recurso en línea |
| Código del tipo de soporte | cr |
| 502 ## - NOTA DE TESIS | |
| Tipo de título | Ingeniero Agrónomo Especialista en Fitotecnia |
| Nombre de la institución que otorga el título | Departamento de Enseñanza, Investigación y Servicio en Fitotecnia, |
| Año de obtención del título | 2020. |
| Información miscelánea | Licenciatura |
| 504 ## - NOTA DE BIBLIOGRAFÍA, ETC. | |
| Nota de bibliografía, etc. | Incluye referencias bibliográficas: páginas 67-70 |
| 520 ## - SUMARIO, ETC. | |
| Sumario, etc. | La producción y manejo del cultivo de la jamaica (Hibiscus sabdariffa. L.) es una de las actividades importantes generadores de ingreso para los pequeños productores en el estado de Oaxaca. La cual se ha visto afectada en años recientes por una enfermedad que se caracteriza por el manchado del cáliz de la jamaica, factor que afecta económicamente al productor al momento de la comercialización, esto debido a la pérdida de calidad y por consiguiente disminución de sus ingresos. Ante dicho problema fitosanitario se plantea la presente investigación con el objetivo de evaluar cuatro productos fúngicos (benomilo, azoxystrobin, oxicloruro de cobre y Sulfato de cobre pentahidratado + cuaternario de amonio) para determinar el efecto que tiene estas sobre el problema, específicamente en el municipio de Santo Domingo de Morelos, considerado el principal productor del estado. Los fungicidas empleados en la investigación mostraron resultados favorables para el control de la enfermedad, sin embargo, resulta mejor el uso de los productos recomendados en la agricultura orgánica con ingredientes activos oxicloruro de cobre y azoxystrobin. |
| 650 #4 - PUNTO DE ACCESO ADICIONAL DE MATERIA--TÉRMINO DE MATERIA | |
| 9 (RLIN) | 61000 |
| Término de materia o nombre geográfico como elemento de entrada | Jamaica |
| Subdivisión general | Producción |
| 650 #4 - PUNTO DE ACCESO ADICIONAL DE MATERIA--TÉRMINO DE MATERIA | |
| 9 (RLIN) | 60997 |
| Término de materia o nombre geográfico como elemento de entrada | Jamaica |
| Subdivisión general | Mercadeo |
| 650 #4 - PUNTO DE ACCESO ADICIONAL DE MATERIA--TÉRMINO DE MATERIA | |
| 9 (RLIN) | 186950 |
| Término de materia o nombre geográfico como elemento de entrada | Fungicidas |
| Subdivisión general | Efecto en jamaica |
| 700 1# - PUNTO DE ACCESO ADICIONAL--NOMBRE DE PERSONA | |
| 9 (RLIN) | 119771 |
| Nombre de persona | Villegas Rodríguez, Humberto |
| Término indicativo de función/relación | director. |
| 856 ## - LOCALIZACIÓN Y ACCESO ELECTRÓNICOS | |
| Identificador Uniforme del Recurso | http://10.13.5.2/tesis/tl/Perez_Perez_Juvencio.pdf |
| Nota pública | DESCARGAR PDF |
| 942 ## - ELEMENTOS DE PUNTO DE ACCESO ADICIONAL (KOHA) | |
| Fuente del sistema de clasificación o colocación | Clasificación Universidad Autónoma Chapingo |
| Tipo de ítem Koha | Tesis digital |
| Estado de retiro | Estado de pérdida | Fuente del sistema de clasificación o colocación | Estado dañado | Restricciones de uso | No para préstamo | Código de colección | Localización permanente | Ubicación/localización actual | Ubicación en estantería | Fecha de adquisición | Total de préstamos | Signatura topográfica completa | Fecha visto por última vez | Precio válido a partir de | Tipo de ítem Koha |
|---|---|---|---|---|---|---|---|---|---|---|---|---|---|---|---|
| Clasificación Universidad Autónoma de Chapingo | Préstamo interno | Tesis digitales de Licenciatura | Biblioteca Digital | Biblioteca Digital | En línea | 08/05/2023 | Tesis digital | 08/05/2023 | 08/05/2023 | Tesis digital |
